PRISONER OF HEAVEN (Record no. 19788)

MARC details
000 -LEADER
fixed length control field 00334nam a2200133Ia 4500
008 - FIXED-LENGTH DATA ELEMENTS--GENERAL INFORMATION
fixed length control field 240624s9999 xx 000 0 und d
041 ## - LANGUAGE CODE
Language code of text/sound track or separate title eng
082 ## - DEWEY DECIMAL CLASSIFICATION NUMBER
Classification number 823 ZAF
100 ## - MAIN ENTRY--PERSONAL NAME
Personal name ZAFON CARLOS RUIZ
245 ## - TITLE STATEMENT
Title PRISONER OF HEAVEN
260 ## - PUBLICATION, DISTRIBUTION, ETC.
Date of publication, distribution, etc. 2012
Place of publication, distribution, etc. London
Name of publisher, distributor, etc. Weidenfeld and Nicolson
300 ## - PHYSICAL DESCRIPTION
Extent 278 : p. : cm. ; 23
365 ## - TRADE PRICE
Currency code RS
Price amount 30
Holdings
Withdrawn status Lost status Damaged status Not for loan Home library Current library Shelving location Date acquired Source of acquisition Cost, normal purchase price Full call number Barcode Date last seen Copy number Price effective from Koha item type
        IMTN IMTN Rack 41-A 09/27/2012 WBD 695.00 823 ZAF 19788 06/24/2024 1 06/24/2024 Books
Designed & Maintained by: LRC IMT Nagpur Contact: lrc@imtnag.ac.in© 2024. All Rights Reserved.